| 000 | 00615 a2200193 4500 | ||
|---|---|---|---|
| 999 |
_c3260 _d3260 |
||
| 020 | _a033520578X | ||
| 020 | _a0335205798 | ||
| 050 | 0 | 0 | _aLB2324 |
| 100 | 1 |
_aDelanty, Gerard. _eauthor |
|
| 245 | 1 | 0 |
_aChallenging knowledge : _bthe university in the knowledge society / _cGerard Delanty. |
| 264 |
_aBuckingham: _bOpen university press. _c2001 |
||
| 300 | _aviii, 175 p. ; | ||
| 500 | _aIncludes index. | ||
| 504 | _aIncludes index. | ||
| 650 | 0 |
_aUniversities and colleges _xSocial aspects. |
|
| 650 | 0 |
_aEducation, Higher _xSocial aspects. |
|
| 650 | 0 | _aKnowledge, Sociology of. | |
| 942 |
_2lcc _cBK _h2324 _iDEL _kLB |
||